Ángel Pestaña (Record no. 91029)

MARC details
000 -LEADER
campo de control de longitud fija 00569nam a2200193 i 4500
001 - NÚMERO DE CONTROL
campo de control 91029
003 - IDENTIFICADOR DE NÚMERO DE CONTROL
campo de control ES-MaACL
005 - FECHA Y HORA DE LA ÚLTIMA TRANSACCIÓN
campo de control 20250905133535.0
007 - CAMPO FIJO DE DESCRIPCIÓN FÍSICA--INFORMACIÓN GENERAL
campo de control de longitud fija t|
008 - DATOS DE LONGITUD FIJA--INFORMACIÓN GENERAL
campo de control de longitud fija 050126s1978 sp f |||| |bspa d
100 1# - ENTRADA PRINCIPAL--NOMBRE DE PERSONA
Nombre de persona Lera, Ángel María de,
Fechas asociadas al nombre 1912-1984
9 (RLIN) 71742
245 10 - MENCIÓN DEL TÍTULO
Título Ángel Pestaña
Resto del título : retrato de un anarquista /
Mención de responsabilidad, etc. Angel Mª de Lera.
250 ## - MENCION DE EDICION
Mención de edición 2ª ed.
260 ## - PUBLICACIÓN, DISTRIBUCIÓN, ETC.
Lugar de publicación, distribución, etc. Barcelona :
Nombre del editor, distribuidor, etc. Argos,
Fecha de publicación, distribución, etc. 1978.
300 ## - DESCRIPCIÓN FÍSICA
Extensión 357 p., 6 lám. ;
Dimensiones 20 cm.
600 14 - PUNTO DE ACCESO ADICIONAL DE MATERIA--NOMBRE DE PERSONA
Nombre de persona Pestaña, Angel,
Fechas asociadas al nombre 1886-1937
9 (RLIN) 91455
852 ## - LOCALIZACIÓN
Ubicación ES-MaACL
Número de control de estantería A-8666
Holdings
Estatus retirado Estado de pérdida Estado de daño No para préstamo Biblioteca de origen Biblioteca actual Ubicación en estantería Fecha de adquisición Fuente de adquisición Total de préstamos Signatura topográfica completa Código de barras Visto por última vez Precio de reemplazo Tipo de ítem Koha
        Biblioteca del Ateneo de Madrid Biblioteca del Ateneo de Madrid Depósito 1 17/01/2008     A-8666 1095040 23/02/2023 23/02/2023 Libro impreso